000 01357nam a2200361Ia 4500
001 ebr10135500
003 CaPaEBR
006 m u
007 cr cn|||||||||
008 021227s2003 nyua sb 001 0 eng d
010 _z 2002044979
020 _z140397943X
020 _z0312293119 (alk. paper)
020 _z0312293100
040 _aCaPaEBR
_cCaPaEBR
035 _a(OCoLC)560464201
050 1 4 _aGN419.15
_b.P57 2003eb
100 1 _aPitts-Taylor, Victoria.
245 1 0 _aIn the flesh
_h[electronic resource] :
_bthe cultural politics of body modification /
_cVictoria L. Pitts.
250 _a1st Palgrave Macmillan ed.
260 _aNew York :
_bPalgrave Macmillan,
_c2003.
300 _avi, 239 p. :
_bill.
504 _aIncludes bibliographical references (p. [199]-234) and index.
533 _aElectronic reproduction.
_bPalo Alto, Calif. :
_cebrary,
_d2009.
_nAvailable via World Wide Web.
_nAccess may be limited to ebrary affiliated libraries.
650 0 _aBody marking.
650 0 _aScarification (Body marking)
650 0 _aBody piercing.
650 0 _aTattooing.
650 0 _aHuman body
_xSocial aspects.
655 7 _aElectronic books.
_2local
710 2 _aebrary, Inc.
856 4 0 _uhttp://site.ebrary.com/lib/rucke/Doc?id=10135500
_zAn electronic book accessible through the World Wide Web; click to view
999 _c85508
_d85508